Multipurpose trees and shrubs : (Record no. 11391)

MARC details
000 -LEADER
fixed length control field 01144nam a2200313 a 4500
001 - CONTROL NUMBER
control field 632639
005 - DATE AND TIME OF LATEST TRANSACTION
control field 20150706114902.0
006 - FIXED-LENGTH DATA ELEMENTS--ADDITIONAL MATERIAL CHARACTERISTICS--GENERAL INFORMATION
fixed length control field 000
007 - PHYSICAL DESCRIPTION FIXED FIELD--GENERAL INFORMATION
fixed length control field 000
008 - FIXED-LENGTH DATA ELEMENTS--GENERAL INFORMATION
fixed length control field 000
010 ## - LIBRARY OF CONGRESS CONTROL NUMBER
LC control number 92981968
020 ## - INTERNATIONAL STANDARD BOOK NUMBER
International Standard Book Number 9290590920
040 ## - CATALOGING SOURCE
Original cataloging agency UOEL
Transcribing agency DLC
050 00 - LIBRARY OF CONGRESS CALL NUMBER
Classification number REF SB118
Item number .C37 1991
082 00 - DEWEY DECIMAL CLASSIFICATION NUMBER
Classification number 634.9/7
Edition number 20
100 1# - MAIN ENTRY--PERSONAL NAME
Personal name Von Carlowitz, P.
245 10 - TITLE STATEMENT
Title Multipurpose trees and shrubs :
Remainder of title sources of seeds and inoculants /
Statement of responsibility, etc Peter G. von Carlowitz.
260 ## - PUBLICATION, DISTRIBUTION, ETC. (IMPRINT)
Place of publication, distribution, etc Nairobi, Kenya :
Name of publisher, distributor, etc International Council for Research in Agroforestry,
Date of publication, distribution, etc c1991.
300 ## - PHYSICAL DESCRIPTION
Extent 328 p. ;
Dimensions 30 cm.
650 #0 - SUBJECT ADDED ENTRY--TOPICAL TERM
Topical term or geographic name as entry element Multipurpose trees.
Topical term or geographic name as entry element Multipurpose shrubs.
Topical term or geographic name as entry element Multipurpose tree seed industry
General subdivision Directories.
Topical term or geographic name as entry element Multipurpose shrub seed industry
General subdivision Directories.
Topical term or geographic name as entry element Microbial inoculants.
Topical term or geographic name as entry element Microbial inoculants industry
General subdivision Directories.
906 ## - LOCAL DATA ELEMENT F, LDF (RLIN)
a 7
b cbc
c orignew
d 2
e ncip
f 19
g y-gencatlg
942 ## - ADDED ENTRY ELEMENTS (KOHA)
Source of classification or shelving scheme Library of Congress Classification
Item type Reference
Holdings
Withdrawn status Lost status Source of classification or shelving scheme Damaged status Not for loan Home library Current library Shelving location Date acquired Total Checkouts Full call number Barcode Date last seen Copy number Price effective from Koha item type
    Library of Congress Classification     UOE Main Library UOE Main Library Reference 06/07/2015   REF SB118 .C37 1991 93003058 06/07/2015 93003058 06/07/2015 Reference